Medicina basada en la evidencia : (Registro nro. 22679)

Detalles MARC
000 -LEADER
fixed length control field 01231nam a2200325 4500
001 - CONTROL NUMBER
control field 0000023692
003 - CONTROL NUMBER IDENTIFIER
control field CO-CtgCURN
005 - DATE AND TIME OF LATEST TRANSACTION
control field 20250331185211.0
007 - PHYSICAL DESCRIPTION FIXED FIELD--GENERAL INFORMATION
fixed length control field ta
008 - FIXED-LENGTH DATA ELEMENTS--GENERAL INFORMATION
fixed length control field 160627s2006 000 0 eng d
020 ## - INTERNATIONAL STANDARD BOOK NUMBER
International Standard Book Number 8481748900
040 ## - CATALOGING SOURCE
Original cataloging agency CO-CtgCURN
Language of cataloging spa
Transcribing agency coctgcurn
082 0# - DEWEY DECIMAL CLASSIFICATION NUMBER
Classification number 616.075
Item number M489
245 00 - TITLE STATEMENT
Title Medicina basada en la evidencia :
Remainder of title como ejercer y enseñar la MBE /
Statement of responsibility, etc. Sharon E. Straus ... [et al.].
250 ## - EDITION STATEMENT
Edition statement 3 ed.
260 ## - PUBLICATION, DISTRIBUTION, ETC.
Place of publication, distribution, etc. Madrid :
Name of publisher, distributor, etc. Elsevier,
Date of publication, distribution, etc. 2006.
300 ## - PHYSICAL DESCRIPTION
Extent 313 p.
336 ## - CONTENT TYPE
Source rdacontent
337 ## - MEDIA TYPE
Source rdamedia
Media type term sin mediacion
Media type code n
338 ## - CARRIER TYPE
Source rdacarrier
Carrier type term volumen
Carrier type code nc
504 ## - BIBLIOGRAPHY, ETC. NOTE
Bibliography, etc. note Incluye indice.
505 8# - FORMATTED CONTENTS NOTE
Formatted contents note Formular preguntas clinicas contestables -- Como encontrar la mejor evidencia actual y hacer que la mejor evidencia actual nos encuentre -- Diagnostico y cribado -- Pronostico -- Tratamiento -- Daño -- Metodos de enseñanza
534 ## - ORIGINAL VERSION NOTE
Main entry of original Evidence-based Medicine.
650 14 - SUBJECT ADDED ENTRY--TOPICAL TERM
Topical term or geographic name entry element Medicina basada en evidencia [Mesh]
700 1# - ADDED ENTRY--PERSONAL NAME
Personal name Straus, Sharon E.
908 ## - PUT COMMAND PARAMETER (RLIN)
Put command parameter 160627
942 ## - ADDED ENTRY ELEMENTS (KOHA)
Koha item type Libros
Classification part 616.075
Item part M489
Source of classification or shelving scheme Dewey Decimal Classification
Existencias
Withdrawn status Lost status Source of classification or shelving scheme Damaged status Not for loan Collection Home library Current library Shelving location Date acquired Inventory number Total checkouts Full call number Barcode Date last seen Copy number Price effective from Koha item type Public note
    Dewey Decimal Classification     General Miguel Henríquez Emiliani Miguel Henríquez Emiliani General 03/31/2025 016785   616.075 M489 016785 03/31/2025 ej.1 03/31/2025 Libros 610-CIENME
    Dewey Decimal Classification     General Miguel Henríquez Emiliani Miguel Henríquez Emiliani General 03/31/2025 016786   616.075 M489 016786 03/31/2025 ej.2 03/31/2025 Libros 610-CIENME